01456nam a2200373 i 450000500170000000700030001700800410002002000180006104000350007904100130011408400110012710000420013824501490018025000450032926400550037430000540042933600270048333700330051033800280054349000450057152100610061653400440067765000480072165000480076965000370081765000240085465000280087865000270090670000350093370000450096870000390101394200150105299900150106720220317000358.0ta210811r20132016mx a0 sb 0 s j spa d a9786071613868 aCO-BoRNBPbspaerdacCO-BoRNBP1 aspahger aC MES31 aMeschenmoser, Sebastiand1980-eautor10aMartín y la llegada de la primaveracSebastian Meschenmoser ; traducción de Udo Araiza ; edición Eliana Pasarán, Clara Stern Rodríguez aPrimera ediciónbPrimera reimpresión 1aMéxicobFondo de Cultura Económicac2013c2016 a[58] páginas sin numerarbilustraciones c22 cm atextobtxt2rdacontent asin mediaciónbn2rdamedia avolumenbnc2rdacarrier aLos especiales de A la Orilla del Viento aRecomendado para un público infantil mayor de 6 años tHerr Eichhorn Weiss den Weg zum Glück17aCuentos infantiles alemanesySiglo XX2LEMB17aLiteratura infantil alemanaySiglo XX2LEMB17aAutores alemanesySiglo XX2LEMB17aAmorvCuentos2LEMB17aAnimalesvCuentos2LEMB17aAmistadvCuentos2LEMB1 aAraiza, Udoetraductor91114681 aStern Rodríguez, Claraeeditora9180921 aPasarán, Elianaeeditora9180550 2loccBKLIT c3879d3879